000
00289nam a2200097Ia 4500
008
220120s9999||||xx |||||||||||||| ||und||
100
_a
Mala, V & Radhica
_9
12055
245
0
_a
Hotel reservation systems
260
_a
Coorg Institute of Technology
_b
Ponnampet
_c
2005
650
_a
COMPUTER SCIENCE
999
_c
137639
_d
137639